• 首页
  • 本馆介绍
  • 公告通知
  • 最新文献
  • 馆藏检索
  • 电子资源
  • 读者导购
  • 参考咨询
  • 我的图书馆
  • 登录
  • 详细信息显示
  • 放入我的书架
  • 预约/预借图书
  • 作者相关作品
  • 分类相关作品
  • 丛书相关作品
  • 出版社相关作品

书目信息

  • 表格格式
  • 工作单格式
  • 卡片格式
题名:
初中生心理发展与家庭教育
    
 
作者: 蒋建敏 , 陈世兰 主编
分册:  
出版信息: 青岛   中国石油大学出版社  2018
页数: 196页
开本: 24cm
丛书名:
单 册:
中图分类: G444 , G782
科图分类:
主题词: 初中生--chu zhong sheng--心理健康--健康教育 , 初中生--chu zhong sheng--家庭教育
电子资源:
ISBN: 978-7-5636-6193-0
000 00851nam0 2200277 450
001 012001005044
005 20140104090311.0
010    @a978-7-5636-6193-0@dCNY38.00
099    @aCAL 012019099924
100    @a20190719d2018 em y0chiy50 ea
101 0  @achi
102    @aCN@b370000
105    @ay a 000yy
106    @ar
200 1  @a初中生心理发展与家庭教育@Achu zhong sheng xin li fa zhan yu jia ting jiao yu@f主编蒋建敏, 陈世兰
210    @a青岛@c中国石油大学出版社@d2018
215    @a196页@d24cm
320    @a有书目 (第196页)
606 0  @a初中生@Achu zhong sheng@x心理健康@x健康教育
606 0  @a初中生@Achu zhong sheng@x家庭教育
690    @aG444@v5
690    @aG782@v5
701  0 @a蒋建敏@Ajiang jian min@4主编
701  0 @a陈世兰@Achen shi lan@4主编
801  0 @aCN@b江苏凤凰@c20191020
905    @b1224972-5@dG444@e480@f4
    
    初中生心理发展与家庭教育/主编蒋建敏, 陈世兰.-青岛:中国石油大学出版社,2018
    196页;24cm
    
    
    ISBN 978-7-5636-6193-0:CNY38.00
    
●
相关链接 在E读中查询图书 在五车中查询图书 在当当中查询图书 在豆瓣中查询图书


正题名:初中生心理发展与家庭教育     索取号:G444/480         预约/预借

序号 登录号 条形码 馆藏地/架位号 状态 备注
1 1224972   212249725   第一样本阅览室/ [索取号:G444/480] 在馆    
2 1224973   212249734   教育系资料室/ [索取号:G444/480] 在馆    
3 1224974   212249743   教育系资料室/ [索取号:G444/480] 在馆    
4 1224975   212249752   第四借阅区/ [索取号:G444/480] 在馆    
唐山师范学院图书馆 欢迎您!
大连网信软件有限公司© 版权所有